000
00196 a2200097 4500
001
42475
100
_a
Howe
245
_a
Ashes of victory
260
_a
New York
_b
Simon
_c
090
_c
26389
_d
26389
942
_a
NUST-CAE
_c
M
_c
18212
999
_c
277548
_d
277548